Maminčina sousedská

Hlavní autor: Kubeš, Ladislav, 1924-1998
Další autoři: Polata, Karel, 1914-1974, Nushart, Ladislav, 1920-1981, Machač, M., Bulka, Antonín, 1944-, Doško, Ada, 1937-1999
Jazyk: Čeština
Vydáno: Praha : Panton, 1984
Vydání: 1. vyd.
Fyzický popis: 14 hlasů
Hudebniny Hudebniny
Uloženo v:
LEADER 01222ncm a22003132a 4500
001 001106276
003 CZ BrMZK
005 20110516084819.0
007 qu
008 100716s1984 xr |||||||||||||||||cze d
040 |a BOA001  |b cze 
072 7 |a 784  |x Vokální hudba  |2 Konspekt  |9 9 
100 1 |a Kubeš, Ladislav,  |d 1924-1998  |7 jo2003183953  |4 cmp  |4 arr 
245 1 0 |a Maminčina sousedská  |h [hudebnina] /  |c Ladislav Kubeš ; instr. autor. Srneček : valčík / K. Polata ; text L. Nushart ; instr. M. Machač. Lidový valčík Louka zelená / arrang. A. Bulka. Lidový valčík Má zlatá Mařenko / arrang. A. Doško 
250 |a 1. vyd. 
260 |a Praha :  |b Panton,  |c 1984 
300 |a 14 hlasů 
700 1 |a Polata, Karel,  |d 1914-1974  |7 mzk2003208745  |4 cmp 
700 1 |a Nushart, Ladislav,  |d 1920-1981  |7 mzk2010613052  |4 lyr 
700 1 |a Machač, M.  |4 arr 
700 1 |a Bulka, Antonín,  |d 1944-  |7 xx0003785  |4 arr 
700 1 |a Doško, Ada,  |d 1937-1999  |7 xx0006100  |4 arr 
740 0 2 |a Srneček 
740 0 2 |a Louka zelená 
740 0 2 |a Má zlatá Mařenko 
910 |a BOA001  |b Mus3-0884.237 
990 |a MU 
991 |b 201007 
996 6 |b 2619457354  |c Mus3-0884.237  |l MZK  |r Sklad / do 1 hodiny  |n 3  |w 001133455  |u 000010  |a 1  |e BOA001  |j MZK50  |s P